Cuaderno de viaje : comarcas de Barcelona : propuestas únicas y experiencias inolvidables comarcas de Barcelona : propuestas únicas y experiencias inolvidables
Descripción Física:
27 pàgines : il·lustracions ; 24 cm
Materias:
Barcelona (Catalunya : Província) -- Guies
; Barcelona (Catalunya : Província) -- Descripcions i viatges
Idioma:
Catalán
MARC
| LEADER | 00000nam a2200000 a 4500 | ||
|---|---|---|---|
| 001 | 26352 | ||
| 008 | 220726b spa||||| |||| 00| 0 cat d | ||
| 017 | |a DL B 22384-2017 | ||
| 080 | |a FU-72-33 | ||
| 245 | |a Cuaderno de viaje : |b comarcas de Barcelona : propuestas únicas y experiencias inolvidables | ||
| 260 | |a Barcelona : |b Diputació de Barcelona, |c 2017 | ||
| 300 | |a 27 pàgines : |b il·lustracions ; |c 24 cm | ||
| 590 | |a Text en castellà. Hi ha un altre exemplar en anglès amb R. 23726, en català amb R. 23879 i en francès amb R. 23888 | ||
| 651 | 0 | |9 52676 |a Barcelona (Catalunya : Província) |v Guies | |
| 651 | 0 | |a Barcelona (Catalunya : Província) |x Descripcions i viatges |9 52924 | |
| 710 | 1 | |a Barcelona (Catalunya : Província). |b Diputació |9 52408 | |
| 710 | 2 | |9 51683 |a Barcelona es Mucho Más |e Marca turística | |
| 901 | |a Arxiu | ||
| 942 | |n 1 |2 udc |c ARXIU | ||
| 952 | |0 0 |1 0 |4 0 |6 FU7233 |7 1 |9 63197 |a Arxiu |b Arxiu |d 2022-07-26 |l 0 |o FU-72-33 |p 26352 |r 2022-07-26 00:00:00 |w 2022-07-26 |y ARXIU | ||
| 999 | |c 82477 |d 82477 | ||